000 00504nam a2200157Ia 4500
005 20240925013053.0
008 240331s9999 xx 000 0 und d
020 _a041509805X
082 _bCAN
_a792
100 _aCanning, C
245 0 _aFeminist Theaters in the U.S.A :
_bstaging women's experience
260 _aLondon
_bRoutledge
_c1996
300 _ax, 271 p .,
500 _aFeminist Theaters in the U.S.A. is a fresh, informative portrait of a key era in feminist and theater history.
942 _cL
999 _c3073
_d3073